000 00534cam a22001932 4500
001 0000000448
005 20170406112620.0
008 131111s xx 000 0 eng d
020 _c$
040 _aYour Holding Symbol
_cYour Holding Symbol
100 1 _aHalloran,J.D.
245 1 0 _aAttitude formation and change /
_cJ.D,Halloran.
250 _a ed.
260 _alondon,
_cleicester university press.
300 _a167 p. ;
_c cm.
504 _aincludes index.
650 0 _apsychology.
908 _a131111
999 _c378
_d378